5HLuxD.jpg

KING HENRY VIII SENIOR AND PRIMARY SCHOOL LIBRARY OPAC

Improve your skills: (Record no. 2733)

000 -LEADER
fixed length control field 00531nam a22001937a 4500
003 - CONTROL NUMBER IDENTIFIER
control field OSt
005 - DATE AND TIME OF LATEST TRANSACTION
control field 20231213091714.0
008 - FIXED-LENGTH DATA ELEMENTS--GENERAL INFORMATION
fixed length control field 230818b ||||| |||| 00| 0 eng d
020 ## - INTERNATIONAL STANDARD BOOK NUMBER
International Standard Book Number 9780230463394
040 ## - CATALOGING SOURCE
Transcribing agency KH8
082 ## - DEWEY DECIMAL CLASSIFICATION NUMBER
Classification number 428 SHO
100 ## - MAIN ENTRY--PERSONAL NAME
Personal name Short, Jane,
Relator term author.
245 ## - TITLE STATEMENT
Title Improve your skills:
Remainder of title Reading for IELTS /
Statement of responsibility, etc. Jane Short.
260 ## - PUBLICATION, DISTRIBUTION, ETC.
Place of publication, distribution, etc. London;
Name of publisher, distributor, etc. Macmillan Education,
Date of publication, distribution, etc. 2014.
300 ## - PHYSICAL DESCRIPTION
Dimensions 7.8 x 0.24 x 10.71 inches.
650 ## - SUBJECT ADDED ENTRY--TOPICAL TERM
Topical term or geographic name entry element English
Form subdivision Reading skills
650 ## - SUBJECT ADDED ENTRY--TOPICAL TERM
Topical term or geographic name entry element English
Form subdivision Vocabulary
942 ## - ADDED ENTRY ELEMENTS (KOHA)
Source of classification or shelving scheme
Koha item type Teaching Resources
Holdings
Withdrawn status Lost status Source of classification or shelving scheme Damaged status Not for loan Collection code Permanent Location Current Location Shelving location Date acquired Total Checkouts Full call number Barcode Date due Date last seen Date last checked out Price effective from Koha item type Total Renewals
          Teaching Resources KH8 Senior School Library KH8 Senior School Library Staff Office 2023-08-18 1 428 SHO TRKHSL002099 2025-07-04 2024-11-07 2024-11-07 2023-08-18 Teaching Resources  
          Teaching Resources KH8 Senior School Library KH8 Senior School Library Staff Office 2023-08-18 1 428 SHO TRKHSL002100 2025-07-04 2024-11-07 2024-11-07 2023-08-18 Teaching Resources 1
          Teaching Resources KH8 Senior School Library KH8 Senior School Library Staff Office 2023-08-18 1 428 SHO TRKHSL002101 2025-07-04 2024-11-07 2024-11-07 2023-08-18 Teaching Resources  
          Teaching Resources KH8 Senior School Library KH8 Senior School Library Staff Office 2023-08-18 1 428 SHO TRKHSL002102 2025-07-04 2024-11-07 2024-11-07 2023-08-18 Teaching Resources  

Powered By KH8 IT Dept